Vyhodnotenie výškového rastu proveniencií javora horského (Acer pseudoplatanus L.)

Bibliographic Details
Main Author: Pagan, Jozef (Author)
Format: Article
Language:Slovak
PhysicalDescription:Tab. 3, res. angl.
ISBN:8022801895
Subjects:

MARC

LEADER 00000nab a2200000 a 4500
001 vtls000475778
003 SK-MaSNL
005 20260303004243.0
008 140612c1992 xo 0 slo
015 |a SNBRA19rr/mm-uuuuu 
035 |a CL0475912 
040 |a SNKBUCL  |b slo  |c SNKBUCL  |e AACR2 
041 0 |a slo 
044 |a xo  |c SK 
080 |a 630 17:582.772.2:630 5  |2 1981 
080 |a 582.772.2  |2 1981 
080 |a 630 5  |2 1981 
100 1 |a Pagan, Jozef  |4 aut  |9 375721 
245 1 0 |a Vyhodnotenie výškového rastu proveniencií javora horského (Acer pseudoplatanus L.)  |c Jozef Pagan 
300 |b Tab. 3, res. angl. 
650 0 7 |a javor horský  |2 snkbucl  |9 19895 
655 7 |a články zo zborníkov  |2 snkbucl  |9 166140 
773 0 |t Les, drevo, ekológia  |d Zvolen : Technická univerzita, 1992  |g S. 103-108  |z 8022801895 
850 |a Slovenská národná knižnica v Martine  |a MTA001 
852 |a SNK  |b KIS3GCP 
958 |a RK 
992 |a RZB 
999 |c 1576801  |d 1578731